Persuasion: the art of influencing people. / (Record no. 8450)

MARC details
000 -LEADER
fixed length control field 01332cam a2200337 i 4500
001 - CONTROL NUMBER
control field 17775689
003 - CONTROL NUMBER IDENTIFIER
control field OSt
005 - DATE AND TIME OF LATEST TRANSACTION
control field 20220120120140.0
008 - FIXED-LENGTH DATA ELEMENTS--GENERAL INFORMATION
fixed length control field 130613s2013 enka 001 0 eng
010 ## - LIBRARY OF CONGRESS CONTROL NUMBER
LC control number 2013022436
020 ## - INTERNATIONAL STANDARD BOOK NUMBER
International Standard Book Number 9781292004495
040 ## - CATALOGING SOURCE
Original cataloging agency DLC
Language of cataloging eng
Transcribing agency DLC
Description conventions rda
Modifying agency DLC
042 ## - AUTHENTICATION CODE
Authentication code pcc
050 00 - LIBRARY OF CONGRESS CALL NUMBER
Classification number BF637.P4.B58
082 00 - DEWEY DECIMAL CLASSIFICATION NUMBER
Classification number 153.8/52
Edition number 23
100 1# - MAIN ENTRY--PERSONAL NAME
Personal name Borg, James.
245 10 - TITLE STATEMENT
Title Persuasion: the art of influencing people. /
Statement of responsibility, etc. James Borg.
250 ## - EDITION STATEMENT
Edition statement 4th ed.
264 #1 - PRODUCTION, PUBLICATION, DISTRIBUTION, MANUFACTURE, AND COPYRIGHT NOTICE
Place of production, publication, distribution, manufacture Harlow, England :
Name of producer, publisher, distributor, manufacturer Pearson,
Date of production, publication, distribution, manufacture, or copyright notice 2013.
300 ## - PHYSICAL DESCRIPTION
Extent xvi, 300 p. :
Other physical details ill. ;
Dimensions 20 cm
336 ## - CONTENT TYPE
Content type term text
Source rdacontent
337 ## - MEDIA TYPE
Media type term unmediated
Source rdamedia
338 ## - CARRIER TYPE
Carrier type term volume
Source rdacarrier
500 ## - GENERAL NOTE
General note Includes index.
505 ## - FORMATTED CONTENTS NOTE
Formatted contents note Contents: The power of persuasion -- Being a good listener -- Attention please -- Mind your body language -- Memory magic -- Make words work for you - the power of psycholinguistics -- Telephone telepathy -- Negotiating for mutual benefit -- 'Difficult' people (and their behaviour) -- The personality spectrum --
650 #0 - SUBJECT ADDED ENTRY--TOPICAL TERM
Topical term or geographic name entry element Persuasion (Psychology)
650 #0 - SUBJECT ADDED ENTRY--TOPICAL TERM
Topical term or geographic name entry element Influence (Psychology)
906 ## - LOCAL DATA ELEMENT F, LDF (RLIN)
a 7
b cbc
c orignew
d 1
e ecip
f 20
g y-gencatlg
942 ## - ADDED ENTRY ELEMENTS (KOHA)
Source of classification or shelving scheme Library of Congress Classification
Koha item type Books
Holdings
Withdrawn status Lost status Source of classification or shelving scheme Damaged status Not for loan Home library Current library Shelving location Date acquired Source of acquisition Total Checkouts Full call number Barcode Date last seen Date last checked out Price effective from Koha item type
    Library of Congress Classification     WISCONSIN INTERNATIONAL UNIVERSITY COLLEGE, GHANA KUMASI LIBRARY WISCONSIN INTERNATIONAL UNIVERSITY COLLEGE, GHANA KUMASI LIBRARY General Stacks 24/10/2019 STM 1 BF637.P4.B58 K/449/449/19 08/03/2022 08/03/2022 20/01/2022 Books

If you have any concerns or questions; kindly contact the library


© Powered by WIUC ICT DIRECTORATE